000 00737cab a2200217 4500
001 ABS55594
008 090401t1996 xxu||||| |||| 00| 0 eng d
035 _a(Sirsi) u94819
041 _aeng
100 _aAllmendinger, P.
245 _aTwilight zones
260 _c1996
350 _a0
490 _aPlanning Week
_v4(29) 18 July 1996, 14-15(2)
520 _aAsks what factors have contributed to the poor performance of Simplified Planning Zones. Lists adopted and proposed zones, along with their permitted use classes, and number of sub-zones and conditions.
650 _aPLANNING AND HOUSING ACT 1986
650 _aSIMPLIFIED PLANNING ZONES
690 _aPLANNING LAW AND PRACTICE
942 _n0
948 _c04/03/1997
999 _c59579
_d59579